A-Z: Cities which have it - Statistics

General Stats
  • This quiz has been taken 32 times
  • The average score is 8 of 26
Answer Stats
Clue Place % Correct
D Michigan's Motor City Detroit
93%
J Large planet, and a town in Florida Jupiter
82%
Q The capital of Ecuador Quito
82%
P Steelworking city in Pennsylvania named after a prime minister Pittsburgh
68%
G The capital of Burundi Gitega
64%
L The state capital of Arkansas Little Rock
54%
W City in Kansas, perhaps where a sorceress lives Wichita
54%
B Basque in the sunshine and a mixture of air at this ritzy French resort Biarritz
46%
F Arkansas city where those with a common surname are well-defended Fort Smith
43%
A Indian city famous for its golden temple Amritsar
25%
C Medical remedy spoken of at the entrance to Brazilian city Curitiba
25%
H Japanese city, and company who make electrical products Hitachi
25%
V Fast-moving capital of Belarus, in the Slovakian domain Vitebsk
21%
K Toronto suburb where one might cook a meal Kitchener
18%
S Huge suburb of Tokyo within bonsai tamarind container Saitama
18%
M City taken by Russian elite unit, with a wrecked pool Melitopol
11%
E Area of Bexley where Londoners have their longest pier Erith
7%
N City just to the east of Rio Niteroi
7%
O Nigerian capital in city of much shame Onitsha
7%
R Scarlet water channel near Birmingham Redditch
7%
Z Kazakh town where I split headquarters, the core of Paras bringing up the rear Zhitiqara
7%
X "Ciao" and a kiss in Chinese town, with a finish but no beginning Xiaoxita
4%
Y Ark loses its stern in Venezuelan city, with a watery ending Yaritagua
4%
I Neighbour of S having a party, or maybe a fight, which I will put an end to Itabashi
0%
T Half the ultimate network of trench with round replacement for a drug baron who loses except ends up buried in flower patch with nothing, in Mexican town Tultitlan de Mariano Escobedo
0%
U One end of town is Spanish in The Hague, but city centre is not visible from South African place Uitenhage
0%
No matching quizzes found
Score Distribution
Percent of People with Each Score
Percentile by Number Answered
Your Score History
You have not taken this quiz